[Event "AUTO-OPEN-4277"]
[Site "http://www.queenalice.com/game.php?id=1758076"]
[Date "2021.4.30"]
[Round "1"]
[White "Savage_king"]
[Black "jamdeg00"]
[Result "1-0"]
[WhiteElo "2158"]
[BlackElo "1265"]

1. d4 d5 2. Nf3 Nc6 3. e3 e6 4. Bd3 Qf6 5. b3 e5 6. Be2 Bb4+ 7. c3 Bd6 8. dxe5
Bxe5 9. Nd4 Nge7 10. Ba3 O-O 11. f4 Bd6 12. Nb5 Bxa3 13. N5xa3 a6 14. O-O Rd8
15. Qc2 Bf5 16. Bd3 Rd6 17. Nd2 b5 18. e4 b4 19. e5 Nxe5 20. fxe5 Qxe5 21. Bxf5
bxc3 22. Bxh7+ Kf8 23. Nf3 Qe3+ 24. Kh1 d4 25. Nc4 d3 26. Qxc3 Nd5 27. Qe5 Qc5
28. Nxd6 Qxd6 29. Qxd6+ cxd6 30. Bxd3 f6 31. Be4 1-0

[Event "AUTO-OPEN-4277"]
[Site "http://www.queenalice.com/game.php?id=1758109"]
[Date "2021.4.30"]
[Round "1"]
[White "askasl159"]
[Black "Savage_king"]
[Result "0-1"]
[WhiteElo "1788"]
[BlackElo "2116"]

1. e4 e5 2. f4 d5 3. Nf3 dxe4 4. Nxe5 Nf6 5. h3 Bd6 6. d4 exd3 7. cxd3 Qe7 8. d4
Ne4 9. Nf3 Nc3+ 10. Be2 Nxd1 0-1

[Event "AUTO-OPEN-4277"]
[Site "http://www.queenalice.com/game.php?id=1758110"]
[Date "2021.4.30"]
[Round "1"]
[White "Savage_king"]
[Black "askasl159"]
[Result "1-0"]
[WhiteElo "2130"]
[BlackElo "1706"]

1. d4 d5 2. Nf3 c5 3. e3 a6 4. b3 Nc6 5. Bb2 cxd4 6. exd4 Bg4 7. Nbd2 g6 8. Be2
Bg7 9. Ne5 Bxe2 10. Qxe2 e6 11. c4 Nge7 12. g4 Qc7 13. f4 dxc4 14. Ndxc4 Nxe5
15. fxe5 Nd5 16. Nd6+ Ke7 17. O-O Rhf8 18. Ba3 1-0

[Event "AUTO-MASTER-3043"]
[Site "http://www.queenalice.com/game.php?id=1758161"]
[Date "2021.4.30"]
[Round "1"]
[White "chessman"]
[Black "Savage_king"]
[Result "0-1"]
[WhiteElo "1934"]
[BlackElo "2124"]

1. e4 d6 2. Nf3 Nf6 3. Nc3 c6 4. Be2 Qc7 5. O-O Nbd7 6. d3 e5 7. Re1 Be7 8. a3
O-O 9. d4 b5 10. dxe5 Nxe5 11. Bf4 a5 12. Nxe5 dxe5 13. Bg3 Be6 14. Bf3 Rad8 15.
Qe2 Bc5 16. Rad1 Bc4 0-1

[Event "AUTO-MASTER-3043"]
[Site "http://www.queenalice.com/game.php?id=1758162"]
[Date "2021.4.30"]
[Round "1"]
[White "Savage_king"]
[Black "chessman"]
[Result "1/2-1/2"]
[WhiteElo "2156"]
[BlackElo "2122"]

1. c4 c6 2. e4 d5 3. cxd5 cxd5 4. exd5 Qxd5 5. Nc3 Qa5 6. d4 e6 7. Nf3 Nf6 8.
Bd3 Be7 9. O-O O-O 10. Bg5 a6 11. Rc1 Nc6 12. Re1 Rd8 13. Bb1 Nxd4 14. Nxd4 Qxg5
15. Nf3 Rxd1 16. Nxg5 Rxc1 17. Rxc1 Bd7 18. Nce4 Nxe4 19. Nxe4 Bc6 20. f3 h6 21.
Kf2 Rd8 22. Re1 Bxe4 23. Bxe4 Rd2+ 24. Re2 Rxe2+ 25. Kxe2 b6 26. Kd3 Kf8 27. Bc6
Bd6 28. g3 Ke7 29. a4 1/2-1/2

[Event "AUTO-MASTER-3043"]
[Site "http://www.queenalice.com/game.php?id=1758173"]
[Date "2021.4.30"]
[Round "1"]
[White "cerenzo72"]
[Black "Savage_king"]
[Result "0-1"]
[WhiteElo "2108"]
[BlackElo "2159"]

1. e4 e5 2. Nf3 Nf6 3. Nc3 Nc6 4. Bc4 Be7 5. d4 Nxd4 6. Nxe5 Ne6 7. f4 O-O 8. f5
Nc5 9. Qf3 d6 10. Nd3 Re8 11. Be3 Nxd3+ 12. cxd3 c6 13. O-O b5 14. Bb3 Bb7 15.
g4 Nd7 16. g5 Bxg5 17. Bxg5 Qxg5+ 18. Kh1 Ne5 19. Qh3 Ng4 20. Qg3 h6 21. Qxd6 b4
22. Na4 Rad8 23. Qxb4 Qh4 24. Qd2 Rxd3 25. Qg2 Rh3 26. Rf2 Rxh2+ 27. Qxh2 Nxh2
28. Rxh2 Qxe4+ 29. Kg1 Qe3+ 30. Kf1 Ba6+ 31. Kg2 Qe4+ 32. Kg3 Qd3+ 33. Kg2 Re2+
0-1

[Event "AUTO-MASTER-3043"]
[Site "http://www.queenalice.com/game.php?id=1758174"]
[Date "2021.4.30"]
[Round "1"]
[White "Savage_king"]
[Black "cerenzo72"]
[Result "0-1"]
[WhiteElo "2137"]
[BlackElo "2047"]

1. c4 e5 2. Nc3 Nf6 3. g3 c6 4. Bg2 Bc5 5. h3 d5 6. cxd5 cxd5 7. e3 O-O 8. Nge2
Nc6 9. d4 exd4 10. exd4 Bb6 11. O-O h6 12. Bf4 Bf5 13. a3 Qd7 14. Kh2 Rfe8 15.
Re1 Nxd4 16. Be3 Nc2 17. Nxd5 Nxd5 18. Bxd5 Nxe1 0-1

[Event "AUTO-MASTER-3043"]
[Site "http://www.queenalice.com/game.php?id=1758181"]
[Date "2021.4.30"]
[Round "1"]
[White "Savage_king"]
[Black "Takeda"]
[Result "1-0"]
[WhiteElo "2147"]
[BlackElo "2094"]

1. d4 b6 2. Nf3 Bb7 3. Nbd2 Nf6 4. e3 e6 5. Bd3 c5 6. b3 Nc6 7. Bb2 cxd4 8. exd4
Bd6 9. O-O O-O 10. c4 Rc8 11. Ne5 Bxe5 12. dxe5 Ne8 13. Ne4 f6 14. exf6 Nxf6 15.
Nd6 Rb8 16. Ba3 Ba6 17. Ne4 Ne7 18. Bd6 Rc8 19. Bxe7 Qxe7 20. Re1 Nxe4 21. Rxe4
Bb7 22. Re3 Rc5 23. Rc1 Qf6 24. Qc2 Rh5 25. Be4 d5 26. cxd5 exd5 27. Bf3 Rg5 28.
Rd3 Rc8 29. Qd2 Rxc1+ 30. Qxc1 Qf5 31. Qd1 Rg6 32. Bxd5+ Bxd5 33. Rxd5 Qe4 34.
Rd8+ Kf7 35. Qd5+ Re6 36. Qxe4 Rxe4 37. Kf1 Re7 38. f4 Kg6 39. g4 h6 40. Kf2 h5
41. Rd6+ Kf7 42. gxh5 Rc7 43. Kg3 b5 44. Kg4 1-0

[Event "AUTO-MASTER-3043"]
[Site "http://www.queenalice.com/game.php?id=1758182"]
[Date "2021.4.30"]
[Round "1"]
[White "Takeda"]
[Black "Savage_king"]
[Result "1/2-1/2"]
[WhiteElo "2091"]
[BlackElo "2169"]

1. e4 e5 2. Nf3 Nf6 3. Nxe5 d6 4. Nf3 Nxe4 5. d3 Nf6 6. Be2 Be7 7. O-O O-O 8.
Nc3 Nc6 9. Ne4 d5 10. Nxf6+ Bxf6 11. d4 Re8 12. c3 Bf5 13. Re1 Qd6 14. Bg5 Re7
15. Bb5 Rae8 16. Rxe7 Rxe7 17. Bxc6 Qxc6 18. Ne5 Rxe5 19. Bxf6 Re6 20. Be5 f6
21. Bf4 Re4 22. Qd2 Qb6 23. b3 c6 24. Re1 Qa5 25. f3 Rxe1+ 26. Qxe1 Kf7 27. a4
Qd8 28. g4 Bg6 29. h4 Qe8 30. Qd2 h5 31. g5 Qe7 32. Kf2 Qe6 33. b4 Qh3 34. Bg3
fxg5 35. Qxg5 Qf5 36. Qxf5+ Bxf5 37. Ke3 a6 38. Be5 b6 39. Kf4 Bc2 40. a5 bxa5
41. bxa5 g6 42. Kg5 Bf5 1/2-1/2

[Event "AUTO-MASTER-3019"]
[Site "http://www.queenalice.com/game.php?id=1760385"]
[Date "2021.5.25"]
[Round "2"]
[White "CCapivara"]
[Black "Savage_king"]
[Result "0-1"]
[WhiteElo "2199"]
[BlackElo "2142"]

1. e4 d6 2. d4 c6 3. c4 Nd7 4. Nc3 e5 5. Nf3 Ngf6 6. Be2 Be7 7. O-O O-O 8. h3
Qc7 9. Be3 exd4 10. Nxd4 Nc5 11. f3 a5 12. a3 Bd7 13. b4 axb4 14. axb4 Na6 15.
Qb3 c5 16. Ndb5 Bxb5 17. Nxb5 Qc6 18. bxc5 Nxc5 19. Rfd1 Nxb3 0-1

[Event "AUTO-MASTER-3019"]
[Site "http://www.queenalice.com/game.php?id=1760386"]
[Date "2021.5.25"]
[Round "2"]
[White "Savage_king"]
[Black "CCapivara"]
[Result "1-0"]
[WhiteElo "2122"]
[BlackElo "2220"]

1. c4 e5 2. Nc3 d6 3. g3 c6 4. Bg2 f5 5. e4 Nf6 6. Nge2 Be7 7. O-O fxe4 8. Nxe4
Nxe4 9. Bxe4 O-O 10. d4 exd4 11. Nxd4 d5 12. cxd5 cxd5 13. Bc2 Bh3 14. Qh5 Bxf1
15. Bxh7+ Kh8 16. Bg6+ 1-0

[Event "AUTO-MASTER-3019"]
[Site "http://www.queenalice.com/game.php?id=1760389"]
[Date "2021.5.25"]
[Round "2"]
[White "Savage_king"]
[Black "stoyan1"]
[Result "0-1"]
[WhiteElo "2167"]
[BlackElo "1899"]

1. c4 e5 2. Nc3 c6 3. e4 Nf6 4. g3 Bc5 5. Bg2 Qb6 6. Nh3 Qa6 7. d3 b5 8. cxb5
cxb5 9. O-O d6 10. Bg5 Nbd7 11. Kh1 h6 12. Bxf6 Nxf6 13. f4 Be6 14. Nf2 Qb6 15.
f5 Bxa2 16. Rxa2 Bxf2 17. Qe2 Bd4 18. Rfa1 O-O 19. g4 Rac8 20. Rxa7 Bxc3 21.
bxc3 Rxc3 22. h4 Nh7 23. Bf1 Rfc8 24. Qa2 R8c7 25. Qa5 Qxa5 26. R1xa5 b4 27.
Rxc7 Rxc7 28. Rb5 Rc1 29. Kg2 Rb1 30. Rb8+ Nf8 31. Rd8 b3 32. Rxd6 b2 33. Rb6
Nd7 34. Rb5 Nc5 35. d4 exd4 36. Bc4 d3 37. Rb8+ Kh7 38. Bxf7 g5 39. Ba2 d2 0-1

[Event "AUTO-MASTER-3019"]
[Site "http://www.queenalice.com/game.php?id=1760390"]
[Date "2021.5.25"]
[Round "2"]
[White "stoyan1"]
[Black "Savage_king"]
[Result "0-1"]
[WhiteElo "1898"]
[BlackElo "2155"]

1. e4 d6 2. Nf3 c6 3. d4 Nd7 4. Bc4 e5 5. dxe5 dxe5 6. Ng5 Nh6 7. h4 Bc5 8. Qf3
Nf6 9. Qb3 O-O 10. Nc3 b5 11. Bd3 Nhg4 12. O-O Nxf2 13. Rxf2 Ng4 14. Nxf7 Bxf2+
15. Kf1 Rxf7 16. Ke2 Qxh4 17. Nd1 Nh2 18. Ne3 Bg4+ 19. Nxg4 Qxg4+ 20. Kd2 Bd4
21. c3 Qxg2+ 22. Be2 Bb6 0-1

[Event "Challenge"]
[Site "http://www.queenalice.com/game.php?id=1763193"]
[Date "2021.6.28"]
[Round "-"]
[White "tucuman"]
[Black "Savage_king"]
[Result "1-0"]
[WhiteElo "2206"]
[BlackElo "2079"]

1. c4 d5 2. cxd5 Qxd5 3. Nc3 Qd8 4. Nf3 c6 5. d4 Qc7 6. e4 Bg4 7. h3 Bxf3 8.
Qxf3 e6 9. Be2 Nd7 10. O-O Ngf6 11. Bf4 Qb6 12. Rfc1 Qxd4 13. Rd1 Qb4 14. a3 Qa5
15. b4 Qd8 16. Bg5 Be7 17. Rd3 Qc8 18. Bf4 O-O 19. Qg3 Re8 20. Rad1 Bf8 21. e5
Nd5 22. Nxd5 cxd5 23. Rc1 Qd8 24. Bg5 Be7 25. Bh6 g6 26. Rf3 f6 27. exf6 Bxf6
28. Bd3 Ne5 29. Re3 1-0

[Event "Challenge"]
[Site "http://www.queenalice.com/game.php?id=1763194"]
[Date "2021.6.28"]
[Round "-"]
[White "Savage_king"]
[Black "tucuman"]
[Result "0-1"]
[WhiteElo "2091"]
[BlackElo "2197"]

1. c4 c5 2. Nc3 Nf6 3. e4 e5 4. g3 d6 5. Bg2 Nc6 6. Nge2 h5 7. h4 g6 8. d3 Bh6
9. Bxh6 Rxh6 10. Qd2 Rh8 11. O-O Kf8 12. Kh2 Be6 13. f4 Ng4+ 14. Kh1 Nd4 15. Ng1
a6 16. Nd5 Bxd5 17. cxd5 exf4 18. Qxf4 Qe7 19. Bh3 Ne5 20. Rad1 b5 21. Qf6 Qxf6
22. Rxf6 Ke7 23. Rf2 Rag8 24. Bg2 Rf8 25. Bh3 Rhg8 26. Ne2 Nxe2 27. Rxe2 g5 28.
Rf2 gxh4 0-1

[Event "Challenge"]
[Site "http://www.queenalice.com/game.php?id=1764817"]
[Date "2021.7.20"]
[Round "-"]
[White "jpribeiro"]
[Black "Savage_king"]
[Result "0-1"]
[WhiteElo "1665"]
[BlackElo "2157"]

1. e4 e5 2. Nf3 Nc6 3. d4 exd4 4. Bc4 Nf6 5. e5 d5 6. Bb5 Ne4 7. O-O Bd7 8. Bg5
Nxg5 9. Nxg5 Qxg5 10. f4 Qg6 11. Bxc6 bxc6 12. Qxd4 Qxc2 13. Kh1 Bc5 14. Qc3
Qxc3 15. bxc3 O-O 16. Nd2 f6 17. Nb3 Bb6 18. Nd4 c5 19. Nf3 Rae8 20. exf6 Rxf6
21. Ne5 Bb5 22. Rf3 d4 23. cxd4 cxd4 24. Rd1 Be2 25. Nd7 Bxd1 26. Nxf6+ gxf6 0-1

[Event "Challenge"]
[Site "http://www.queenalice.com/game.php?id=1764818"]
[Date "2021.7.20"]
[Round "-"]
[White "Savage_king"]
[Black "jpribeiro"]
[Result "1-0"]
[WhiteElo "2160"]
[BlackElo "1744"]

1. e4 e5 2. Nf3 Nf6 3. Nxe5 d6 4. Nxf7 Kxf7 5. d4 Bg4 6. f3 Be6 7. d5 Bd7 8. c4
c6 9. Nc3 c5 10. g4 h6 11. h4 Nh7 12. Qb3 b6 13. Bf4 Be7 14. O-O-O a5 15. a4 Kg8
16. Bg3 Qf8 17. f4 Bxg4 18. Re1 Bf3 19. Rg1 Nd7 20. Bh3 Qd8 21. e5 dxe5 22. Be6+
Kf8 23. fxe5 Bh5 24. Ref1+ Ke8 25. Nb5 Ndf8 26. Nd6+ Bxd6 27. exd6 Nf6 28. Qb5+
N6d7 29. Re1 Nxe6 30. dxe6 1-0